| 000 | 00946nam a2200277 4500 | ||
|---|---|---|---|
| 001 | 144742 | ||
| 003 | ES-MaACL | ||
| 005 | 20250928102047.0 | ||
| 007 | t| | ||
| 008 | 070214q1918 sp r ||||1| spa d | ||
| 080 | _a982"18" | ||
| 080 | _a32:929 Bolívar, Simón | ||
| 080 | _a32:929 Funes, Gregorio | ||
| 100 | 1 |
_aSilva, J. Francisco V. _9106369 |
|
| 245 | 1 | 3 |
_aEl Libertador Bolívar y el deán Funes en la política argentina _b: (revisión de la historia argentina) / _cJ. Francisco V. Silva. |
| 260 |
_aMadrid : _bEdit. América, _c[1918?] |
||
| 300 |
_a421 p. ; _c23 cm. |
||
| 490 | 1 |
_aBiblioteca Ayacucho ; _v25 |
|
| 600 | 1 | 7 |
_aFunes, Gregorio, _d1749-1829 _2 _9146568 |
| 600 | 1 | 4 |
_aBolívar, Simón, _d1783-1830 _929964 |
| 651 | 4 |
_aArgentina- _xHistoria- _y1817-1860. _9146569 |
|
| 830 | 0 |
_aBiblioteca Ayacucho ; _v25 _9177888 |
|
| 852 |
_aES-MaACL _jD-1109 |
||
| 852 |
_aES-MaACL _jF-1565 |
||
| 999 |
_c144742 _d144742 |
||